| 000 | 00826pam a2200241 i 4500 | ||
|---|---|---|---|
| 001 | 3245582 | ||
| 003 | OSt | ||
| 005 | 20231121163001.0 | ||
| 008 | 801124s1981 nyua b 001 0 eng | ||
| 010 | _a 80039556 | ||
| 020 |
_a0231038801 : _c$65.00 (est.) |
||
| 040 |
_aDLC _cDLC _dDLC |
||
| 050 | 0 | 0 |
_aQK495.A1 _bC76 |
| 082 | 0 | 0 |
_a582.13012 _bCRO/I |
| 100 | 1 |
_aCronquist, Arthur _99922 |
|
| 245 | 1 | 3 |
_aAn integrated system of classification of flowering plants / _cArthur Cronquist. |
| 260 |
_aNew York : _bColumbia University Press, _c1981. |
||
| 300 |
_axviii, 1262 p. : _bill. ; _c24 cm. |
||
| 504 | _aIncludes bibliographies and index. | ||
| 650 | 0 |
_aAngiosperms _xClassification. |
|
| 906 |
_a7 _bcbc _corignew _du _eocip _f19 _gy-gencatlg |
||
| 942 |
_2ddc _cBK _h582.13012 _iCRO/I _k582.13012 _mCRO/I |
||
| 999 |
_c43654 _d43654 |
||